<?xml version="1.0" encoding="UTF-8"?>
<record
    xmlns:xsi="http://www.w3.org/2001/XMLSchema-instance"
    xsi:schemaLocation="http://www.loc.gov/MARC21/slim http://www.loc.gov/standards/marcxml/schema/MARC21slim.xsd"
    xmlns="http://www.loc.gov/MARC21/slim">

  <leader>00680nam a22002057a 4500</leader>
  <controlfield tag="008">240130b        |||||||| |||| 00| 0 eng d</controlfield>
  <datafield tag="020" ind1=" " ind2=" ">
    <subfield code="a">9785753955</subfield>
  </datafield>
  <datafield tag="040" ind1=" " ind2=" ">
    <subfield code="a">NLN</subfield>
    <subfield code="b">English </subfield>
    <subfield code="e">AACR2</subfield>
  </datafield>
  <datafield tag="050" ind1=" " ind2=" ">
    <subfield code="a">HQ1236.5.N685</subfield>
    <subfield code="b">O34</subfield>
  </datafield>
  <datafield tag="082" ind1=" " ind2=" ">
    <subfield code="a">305.4209669</subfield>
  </datafield>
  <datafield tag="100" ind1=" " ind2=" ">
    <subfield code="a">OGAMDE, Ali Chiadikaobi</subfield>
    <subfield code="e">aut</subfield>
    <subfield code="9">32254</subfield>
  </datafield>
  <datafield tag="245" ind1=" " ind2=" ">
    <subfield code="a">Empowering women in politics :</subfield>
    <subfield code="b">the role and place of women in the society /</subfield>
    <subfield code="c">Ali Chiadikaobi Ogamde</subfield>
  </datafield>
  <datafield tag="260" ind1=" " ind2=" ">
    <subfield code="a">[S. l.] :</subfield>
    <subfield code="b">De-Lifted Prints,</subfield>
    <subfield code="c">2021</subfield>
  </datafield>
  <datafield tag="300" ind1=" " ind2=" ">
    <subfield code="a">84p. :</subfield>
    <subfield code="b">ill. ; 19cm</subfield>
  </datafield>
  <datafield tag="500" ind1=" " ind2=" ">
    <subfield code="a">Bibliography : p. 78-84</subfield>
  </datafield>
  <datafield tag="563" ind1=" " ind2=" ">
    <subfield code="a">(pbk)</subfield>
  </datafield>
  <datafield tag="650" ind1=" " ind2=" ">
    <subfield code="a">Women</subfield>
    <subfield code="v">Political activity</subfield>
    <subfield code="x">Nigeria</subfield>
    <subfield code="9">8974</subfield>
  </datafield>
  <datafield tag="650" ind1=" " ind2=" ">
    <subfield code="a">Political leadership</subfield>
    <subfield code="v">Nigeria</subfield>
    <subfield code="9">208</subfield>
  </datafield>
  <datafield tag="942" ind1=" " ind2=" ">
    <subfield code="c">BK</subfield>
  </datafield>
  <datafield tag="999" ind1=" " ind2=" ">
    <subfield code="c">16439</subfield>
    <subfield code="d">16439</subfield>
  </datafield>
  <datafield tag="952" ind1=" " ind2=" ">
    <subfield code="0">0</subfield>
    <subfield code="1">0</subfield>
    <subfield code="2">lcc</subfield>
    <subfield code="4">0</subfield>
    <subfield code="7">0</subfield>
    <subfield code="a">ABJ</subfield>
    <subfield code="b">MAIN</subfield>
    <subfield code="d">2024-01-30</subfield>
    <subfield code="i">5100444</subfield>
    <subfield code="l">0</subfield>
    <subfield code="o">HQ1236.5.N685 O34</subfield>
    <subfield code="p">5100444</subfield>
    <subfield code="r">2024-01-30 00:00:00</subfield>
    <subfield code="w">2024-01-30</subfield>
    <subfield code="y">BK</subfield>
  </datafield>
  <datafield tag="952" ind1=" " ind2=" ">
    <subfield code="0">0</subfield>
    <subfield code="1">0</subfield>
    <subfield code="2">lcc</subfield>
    <subfield code="4">0</subfield>
    <subfield code="7">0</subfield>
    <subfield code="a">ABAK</subfield>
    <subfield code="b">MAIN</subfield>
    <subfield code="d">2024-01-30</subfield>
    <subfield code="i">5100455</subfield>
    <subfield code="l">0</subfield>
    <subfield code="o">HQ1236.5.N685 O34</subfield>
    <subfield code="p">5100455</subfield>
    <subfield code="r">2024-01-30 00:00:00</subfield>
    <subfield code="w">2024-01-30</subfield>
    <subfield code="y">BK</subfield>
  </datafield>
  <datafield tag="952" ind1=" " ind2=" ">
    <subfield code="0">0</subfield>
    <subfield code="1">0</subfield>
    <subfield code="2">lcc</subfield>
    <subfield code="4">0</subfield>
    <subfield code="7">0</subfield>
    <subfield code="a">ABE</subfield>
    <subfield code="b">MAIN</subfield>
    <subfield code="d">2024-01-30</subfield>
    <subfield code="i">5100458</subfield>
    <subfield code="l">0</subfield>
    <subfield code="o">HQ1236.5.N685 O34</subfield>
    <subfield code="p">5100458</subfield>
    <subfield code="r">2024-01-30 00:00:00</subfield>
    <subfield code="w">2024-01-30</subfield>
    <subfield code="y">BK</subfield>
  </datafield>
  <datafield tag="952" ind1=" " ind2=" ">
    <subfield code="0">0</subfield>
    <subfield code="1">0</subfield>
    <subfield code="2">lcc</subfield>
    <subfield code="4">0</subfield>
    <subfield code="7">0</subfield>
    <subfield code="a">AKU</subfield>
    <subfield code="b">MAIN</subfield>
    <subfield code="d">2024-01-30</subfield>
    <subfield code="i">5100459</subfield>
    <subfield code="l">0</subfield>
    <subfield code="o">HQ1236.5.N685 O34</subfield>
    <subfield code="p">5100459</subfield>
    <subfield code="r">2024-01-30 00:00:00</subfield>
    <subfield code="w">2024-01-30</subfield>
    <subfield code="y">BK</subfield>
  </datafield>
  <datafield tag="952" ind1=" " ind2=" ">
    <subfield code="0">0</subfield>
    <subfield code="1">0</subfield>
    <subfield code="2">lcc</subfield>
    <subfield code="4">0</subfield>
    <subfield code="7">0</subfield>
    <subfield code="a">ASA</subfield>
    <subfield code="b">MAIN</subfield>
    <subfield code="d">2024-01-30</subfield>
    <subfield code="i">5100448</subfield>
    <subfield code="l">0</subfield>
    <subfield code="o">HQ1236.5.N685 O34</subfield>
    <subfield code="p">5100448</subfield>
    <subfield code="r">2024-01-30 00:00:00</subfield>
    <subfield code="w">2024-01-30</subfield>
    <subfield code="y">BK</subfield>
  </datafield>
  <datafield tag="952" ind1=" " ind2=" ">
    <subfield code="0">0</subfield>
    <subfield code="1">0</subfield>
    <subfield code="2">lcc</subfield>
    <subfield code="4">0</subfield>
    <subfield code="7">0</subfield>
    <subfield code="a">AWK</subfield>
    <subfield code="b">MAIN</subfield>
    <subfield code="d">2024-01-30</subfield>
    <subfield code="i">5100453</subfield>
    <subfield code="l">0</subfield>
    <subfield code="o">HQ1236.5.N685 O34</subfield>
    <subfield code="p">5100453</subfield>
    <subfield code="r">2024-01-30 00:00:00</subfield>
    <subfield code="w">2024-01-30</subfield>
    <subfield code="y">BK</subfield>
  </datafield>
  <datafield tag="952" ind1=" " ind2=" ">
    <subfield code="0">0</subfield>
    <subfield code="1">0</subfield>
    <subfield code="2">lcc</subfield>
    <subfield code="4">0</subfield>
    <subfield code="7">0</subfield>
    <subfield code="a">BAU</subfield>
    <subfield code="b">MAIN</subfield>
    <subfield code="d">2024-01-30</subfield>
    <subfield code="i">5100460</subfield>
    <subfield code="l">0</subfield>
    <subfield code="o">HQ1236.5.N685 O34</subfield>
    <subfield code="p">5100460</subfield>
    <subfield code="r">2024-01-30 00:00:00</subfield>
    <subfield code="w">2024-01-30</subfield>
    <subfield code="y">BK</subfield>
  </datafield>
  <datafield tag="952" ind1=" " ind2=" ">
    <subfield code="0">0</subfield>
    <subfield code="1">0</subfield>
    <subfield code="2">lcc</subfield>
    <subfield code="4">0</subfield>
    <subfield code="7">0</subfield>
    <subfield code="a">EDO</subfield>
    <subfield code="b">MAIN</subfield>
    <subfield code="d">2024-01-30</subfield>
    <subfield code="i">5100446</subfield>
    <subfield code="l">0</subfield>
    <subfield code="o">HQ1236.5.N685 O34</subfield>
    <subfield code="p">5100446</subfield>
    <subfield code="r">2024-01-30 00:00:00</subfield>
    <subfield code="w">2024-01-30</subfield>
    <subfield code="y">BK</subfield>
  </datafield>
  <datafield tag="952" ind1=" " ind2=" ">
    <subfield code="0">0</subfield>
    <subfield code="1">0</subfield>
    <subfield code="2">lcc</subfield>
    <subfield code="4">0</subfield>
    <subfield code="7">0</subfield>
    <subfield code="a">CAL</subfield>
    <subfield code="b">MAIN</subfield>
    <subfield code="d">2024-01-30</subfield>
    <subfield code="i">5100461</subfield>
    <subfield code="l">0</subfield>
    <subfield code="o">HQ1236.5.N685 O34</subfield>
    <subfield code="p">5100461</subfield>
    <subfield code="r">2024-01-30 00:00:00</subfield>
    <subfield code="w">2024-01-30</subfield>
    <subfield code="y">BK</subfield>
  </datafield>
  <datafield tag="952" ind1=" " ind2=" ">
    <subfield code="0">0</subfield>
    <subfield code="1">0</subfield>
    <subfield code="2">lcc</subfield>
    <subfield code="4">0</subfield>
    <subfield code="7">0</subfield>
    <subfield code="a">DAM</subfield>
    <subfield code="b">MAIN</subfield>
    <subfield code="d">2024-01-30</subfield>
    <subfield code="i">5100462</subfield>
    <subfield code="l">0</subfield>
    <subfield code="o">HQ1236.5.N685 O34</subfield>
    <subfield code="p">5100462</subfield>
    <subfield code="r">2024-01-30 00:00:00</subfield>
    <subfield code="w">2024-01-30</subfield>
    <subfield code="y">BK</subfield>
  </datafield>
  <datafield tag="952" ind1=" " ind2=" ">
    <subfield code="0">0</subfield>
    <subfield code="1">0</subfield>
    <subfield code="2">lcc</subfield>
    <subfield code="4">0</subfield>
    <subfield code="7">0</subfield>
    <subfield code="a">DUT</subfield>
    <subfield code="b">MAIN</subfield>
    <subfield code="d">2024-01-30</subfield>
    <subfield code="i">5100463</subfield>
    <subfield code="l">0</subfield>
    <subfield code="o">HQ1236.5.N685 O34</subfield>
    <subfield code="p">5100463</subfield>
    <subfield code="r">2024-01-30 00:00:00</subfield>
    <subfield code="w">2024-01-30</subfield>
    <subfield code="y">BK</subfield>
  </datafield>
  <datafield tag="952" ind1=" " ind2=" ">
    <subfield code="0">0</subfield>
    <subfield code="1">0</subfield>
    <subfield code="2">lcc</subfield>
    <subfield code="4">0</subfield>
    <subfield code="7">0</subfield>
    <subfield code="a">UMU</subfield>
    <subfield code="b">MAIN</subfield>
    <subfield code="d">2024-01-30</subfield>
    <subfield code="i">5100464</subfield>
    <subfield code="l">0</subfield>
    <subfield code="o">HQ1236.5.N685 O34</subfield>
    <subfield code="p">5100464</subfield>
    <subfield code="r">2024-01-30 00:00:00</subfield>
    <subfield code="w">2024-01-30</subfield>
    <subfield code="y">BK</subfield>
  </datafield>
  <datafield tag="952" ind1=" " ind2=" ">
    <subfield code="0">0</subfield>
    <subfield code="1">0</subfield>
    <subfield code="2">lcc</subfield>
    <subfield code="4">0</subfield>
    <subfield code="7">0</subfield>
    <subfield code="a">YOL</subfield>
    <subfield code="b">MAIN</subfield>
    <subfield code="d">2024-01-30</subfield>
    <subfield code="i">5100465</subfield>
    <subfield code="l">0</subfield>
    <subfield code="o">HQ1236.5.N685 O34</subfield>
    <subfield code="p">5100465</subfield>
    <subfield code="r">2024-01-30 00:00:00</subfield>
    <subfield code="w">2024-01-30</subfield>
    <subfield code="y">BK</subfield>
  </datafield>
  <datafield tag="952" ind1=" " ind2=" ">
    <subfield code="0">0</subfield>
    <subfield code="1">0</subfield>
    <subfield code="2">lcc</subfield>
    <subfield code="4">0</subfield>
    <subfield code="7">0</subfield>
    <subfield code="a">EKI</subfield>
    <subfield code="b">MAIN</subfield>
    <subfield code="d">2024-01-30</subfield>
    <subfield code="i">5100457</subfield>
    <subfield code="l">0</subfield>
    <subfield code="o">HQ1236.5.N685 O34</subfield>
    <subfield code="p">5100457</subfield>
    <subfield code="r">2024-01-30 00:00:00</subfield>
    <subfield code="w">2024-01-30</subfield>
    <subfield code="y">BK</subfield>
  </datafield>
  <datafield tag="952" ind1=" " ind2=" ">
    <subfield code="0">0</subfield>
    <subfield code="1">0</subfield>
    <subfield code="2">lcc</subfield>
    <subfield code="4">0</subfield>
    <subfield code="7">0</subfield>
    <subfield code="a">ENU</subfield>
    <subfield code="b">MAIN</subfield>
    <subfield code="d">2024-01-30</subfield>
    <subfield code="i">5100447</subfield>
    <subfield code="l">0</subfield>
    <subfield code="o">HQ1236.5.N685 O34</subfield>
    <subfield code="p">5100447</subfield>
    <subfield code="r">2024-01-30 00:00:00</subfield>
    <subfield code="w">2024-01-30</subfield>
    <subfield code="y">BK</subfield>
  </datafield>
  <datafield tag="952" ind1=" " ind2=" ">
    <subfield code="0">0</subfield>
    <subfield code="1">0</subfield>
    <subfield code="2">lcc</subfield>
    <subfield code="4">0</subfield>
    <subfield code="7">0</subfield>
    <subfield code="a">GOM</subfield>
    <subfield code="b">MAIN</subfield>
    <subfield code="d">2024-01-30</subfield>
    <subfield code="i">5100466</subfield>
    <subfield code="l">0</subfield>
    <subfield code="o">HQ1236.5.N685 O34</subfield>
    <subfield code="p">5100466</subfield>
    <subfield code="r">2024-01-30 00:00:00</subfield>
    <subfield code="w">2024-01-30</subfield>
    <subfield code="y">BK</subfield>
  </datafield>
  <datafield tag="952" ind1=" " ind2=" ">
    <subfield code="0">0</subfield>
    <subfield code="1">0</subfield>
    <subfield code="2">lcc</subfield>
    <subfield code="4">0</subfield>
    <subfield code="7">0</subfield>
    <subfield code="a">GUS</subfield>
    <subfield code="b">MAIN</subfield>
    <subfield code="d">2024-01-30</subfield>
    <subfield code="i">5100450</subfield>
    <subfield code="l">0</subfield>
    <subfield code="o">HQ1236.5.N685 O34</subfield>
    <subfield code="p">5100450</subfield>
    <subfield code="r">2024-01-30 00:00:00</subfield>
    <subfield code="w">2024-01-30</subfield>
    <subfield code="y">BK</subfield>
  </datafield>
  <datafield tag="952" ind1=" " ind2=" ">
    <subfield code="0">0</subfield>
    <subfield code="1">0</subfield>
    <subfield code="2">lcc</subfield>
    <subfield code="4">0</subfield>
    <subfield code="7">0</subfield>
    <subfield code="a">IBA</subfield>
    <subfield code="b">MAIN</subfield>
    <subfield code="d">2024-01-30</subfield>
    <subfield code="i">5100467</subfield>
    <subfield code="l">0</subfield>
    <subfield code="o">HQ1236.5.N685 O34</subfield>
    <subfield code="p">5100467</subfield>
    <subfield code="r">2024-01-30 00:00:00</subfield>
    <subfield code="w">2024-01-30</subfield>
    <subfield code="y">BK</subfield>
  </datafield>
  <datafield tag="952" ind1=" " ind2=" ">
    <subfield code="0">0</subfield>
    <subfield code="1">0</subfield>
    <subfield code="2">lcc</subfield>
    <subfield code="4">0</subfield>
    <subfield code="7">0</subfield>
    <subfield code="a">ILO</subfield>
    <subfield code="b">MAIN</subfield>
    <subfield code="d">2024-01-30</subfield>
    <subfield code="i">5100468</subfield>
    <subfield code="l">0</subfield>
    <subfield code="o">HQ1236.5.N685 O34</subfield>
    <subfield code="p">5100468</subfield>
    <subfield code="r">2024-01-30 00:00:00</subfield>
    <subfield code="w">2024-01-30</subfield>
    <subfield code="y">BK</subfield>
  </datafield>
  <datafield tag="952" ind1=" " ind2=" ">
    <subfield code="0">0</subfield>
    <subfield code="1">0</subfield>
    <subfield code="2">lcc</subfield>
    <subfield code="4">0</subfield>
    <subfield code="7">0</subfield>
    <subfield code="a">JAL</subfield>
    <subfield code="b">MAIN</subfield>
    <subfield code="d">2024-01-30</subfield>
    <subfield code="i">5100469</subfield>
    <subfield code="l">0</subfield>
    <subfield code="o">HQ1236.5.N685 O34</subfield>
    <subfield code="p">5100469</subfield>
    <subfield code="r">2024-01-30 00:00:00</subfield>
    <subfield code="w">2024-01-30</subfield>
    <subfield code="y">BK</subfield>
  </datafield>
  <datafield tag="952" ind1=" " ind2=" ">
    <subfield code="0">0</subfield>
    <subfield code="1">0</subfield>
    <subfield code="2">lcc</subfield>
    <subfield code="4">0</subfield>
    <subfield code="7">0</subfield>
    <subfield code="a">JOS</subfield>
    <subfield code="b">MAIN</subfield>
    <subfield code="d">2024-01-30</subfield>
    <subfield code="i">5100470</subfield>
    <subfield code="l">0</subfield>
    <subfield code="o">HQ1236.5.N685 O34</subfield>
    <subfield code="p">5100470</subfield>
    <subfield code="r">2024-01-30 00:00:00</subfield>
    <subfield code="w">2024-01-30</subfield>
    <subfield code="y">BK</subfield>
  </datafield>
  <datafield tag="952" ind1=" " ind2=" ">
    <subfield code="0">0</subfield>
    <subfield code="1">0</subfield>
    <subfield code="2">lcc</subfield>
    <subfield code="4">0</subfield>
    <subfield code="7">0</subfield>
    <subfield code="a">KAD</subfield>
    <subfield code="b">MAIN</subfield>
    <subfield code="d">2024-01-30</subfield>
    <subfield code="i">5100471</subfield>
    <subfield code="l">0</subfield>
    <subfield code="o">HQ1236.5.N685 O34</subfield>
    <subfield code="p">5100471</subfield>
    <subfield code="r">2024-01-30 00:00:00</subfield>
    <subfield code="w">2024-01-30</subfield>
    <subfield code="y">BK</subfield>
  </datafield>
  <datafield tag="952" ind1=" " ind2=" ">
    <subfield code="0">0</subfield>
    <subfield code="1">0</subfield>
    <subfield code="2">lcc</subfield>
    <subfield code="4">0</subfield>
    <subfield code="7">0</subfield>
    <subfield code="a">KAN</subfield>
    <subfield code="b">MAIN</subfield>
    <subfield code="d">2024-01-30</subfield>
    <subfield code="i">5100472</subfield>
    <subfield code="l">0</subfield>
    <subfield code="o">HQ1236.5.N685 O34</subfield>
    <subfield code="p">5100472</subfield>
    <subfield code="r">2024-01-30 00:00:00</subfield>
    <subfield code="w">2024-01-30</subfield>
    <subfield code="y">BK</subfield>
  </datafield>
  <datafield tag="952" ind1=" " ind2=" ">
    <subfield code="0">0</subfield>
    <subfield code="1">0</subfield>
    <subfield code="2">lcc</subfield>
    <subfield code="4">0</subfield>
    <subfield code="7">0</subfield>
    <subfield code="a">KAT</subfield>
    <subfield code="b">MAIN</subfield>
    <subfield code="d">2024-01-30</subfield>
    <subfield code="i">5100473</subfield>
    <subfield code="l">0</subfield>
    <subfield code="o">HQ1236.5.N685 O34</subfield>
    <subfield code="p">5100473</subfield>
    <subfield code="r">2024-01-30 00:00:00</subfield>
    <subfield code="w">2024-01-30</subfield>
    <subfield code="y">BK</subfield>
  </datafield>
  <datafield tag="952" ind1=" " ind2=" ">
    <subfield code="0">0</subfield>
    <subfield code="1">0</subfield>
    <subfield code="2">lcc</subfield>
    <subfield code="4">0</subfield>
    <subfield code="7">0</subfield>
    <subfield code="a">UYO</subfield>
    <subfield code="b">MAIN</subfield>
    <subfield code="d">2024-01-30</subfield>
    <subfield code="i">5100456</subfield>
    <subfield code="l">0</subfield>
    <subfield code="o">HQ1236.5.N685 O34</subfield>
    <subfield code="p">5100456</subfield>
    <subfield code="r">2024-01-30 00:00:00</subfield>
    <subfield code="w">2024-01-30</subfield>
    <subfield code="y">BK</subfield>
  </datafield>
  <datafield tag="952" ind1=" " ind2=" ">
    <subfield code="0">0</subfield>
    <subfield code="1">0</subfield>
    <subfield code="2">lcc</subfield>
    <subfield code="4">0</subfield>
    <subfield code="7">0</subfield>
    <subfield code="a">KEB</subfield>
    <subfield code="b">MAIN</subfield>
    <subfield code="d">2024-01-30</subfield>
    <subfield code="i">5100449</subfield>
    <subfield code="l">0</subfield>
    <subfield code="o">HQ1236.5.N685 O34</subfield>
    <subfield code="p">5100449</subfield>
    <subfield code="r">2024-01-30 00:00:00</subfield>
    <subfield code="w">2024-01-30</subfield>
    <subfield code="y">BK</subfield>
  </datafield>
  <datafield tag="952" ind1=" " ind2=" ">
    <subfield code="0">0</subfield>
    <subfield code="1">0</subfield>
    <subfield code="2">lcc</subfield>
    <subfield code="4">0</subfield>
    <subfield code="7">0</subfield>
    <subfield code="a">LAF</subfield>
    <subfield code="b">MAIN</subfield>
    <subfield code="d">2024-01-30</subfield>
    <subfield code="i">5100474</subfield>
    <subfield code="l">0</subfield>
    <subfield code="o">HQ1236.5.N685 O34</subfield>
    <subfield code="p">5100474</subfield>
    <subfield code="r">2024-01-30 00:00:00</subfield>
    <subfield code="w">2024-01-30</subfield>
    <subfield code="y">BK</subfield>
  </datafield>
  <datafield tag="952" ind1=" " ind2=" ">
    <subfield code="0">0</subfield>
    <subfield code="1">0</subfield>
    <subfield code="2">lcc</subfield>
    <subfield code="4">0</subfield>
    <subfield code="7">0</subfield>
    <subfield code="a">LAG</subfield>
    <subfield code="b">MAIN</subfield>
    <subfield code="d">2024-01-30</subfield>
    <subfield code="i">5100445</subfield>
    <subfield code="l">0</subfield>
    <subfield code="o">HQ1236.5.N685 O34</subfield>
    <subfield code="p">5100445</subfield>
    <subfield code="r">2024-01-30 00:00:00</subfield>
    <subfield code="w">2024-01-30</subfield>
    <subfield code="y">BK</subfield>
  </datafield>
  <datafield tag="952" ind1=" " ind2=" ">
    <subfield code="0">0</subfield>
    <subfield code="1">0</subfield>
    <subfield code="2">lcc</subfield>
    <subfield code="4">0</subfield>
    <subfield code="7">0</subfield>
    <subfield code="a">LOK</subfield>
    <subfield code="b">MAIN</subfield>
    <subfield code="d">2024-01-30</subfield>
    <subfield code="i">5100454</subfield>
    <subfield code="l">0</subfield>
    <subfield code="o">HQ1236.5.N685 O34</subfield>
    <subfield code="p">5100454</subfield>
    <subfield code="r">2024-01-30 00:00:00</subfield>
    <subfield code="w">2024-01-30</subfield>
    <subfield code="y">BK</subfield>
  </datafield>
  <datafield tag="952" ind1=" " ind2=" ">
    <subfield code="0">0</subfield>
    <subfield code="1">0</subfield>
    <subfield code="2">lcc</subfield>
    <subfield code="4">0</subfield>
    <subfield code="7">0</subfield>
    <subfield code="a">BEN</subfield>
    <subfield code="b">MAIN</subfield>
    <subfield code="d">2024-01-30</subfield>
    <subfield code="i">5100476</subfield>
    <subfield code="l">0</subfield>
    <subfield code="o">HQ1236.5.N685 O34</subfield>
    <subfield code="p">5100476</subfield>
    <subfield code="r">2024-01-30 00:00:00</subfield>
    <subfield code="w">2024-01-30</subfield>
    <subfield code="y">BK</subfield>
  </datafield>
  <datafield tag="952" ind1=" " ind2=" ">
    <subfield code="0">0</subfield>
    <subfield code="1">0</subfield>
    <subfield code="2">lcc</subfield>
    <subfield code="4">0</subfield>
    <subfield code="7">0</subfield>
    <subfield code="a">MIN</subfield>
    <subfield code="b">MAIN</subfield>
    <subfield code="d">2024-01-30</subfield>
    <subfield code="i">5100477</subfield>
    <subfield code="l">0</subfield>
    <subfield code="o">HQ1236.5.N685 O34</subfield>
    <subfield code="p">5100477</subfield>
    <subfield code="r">2024-01-30 00:00:00</subfield>
    <subfield code="w">2024-01-30</subfield>
    <subfield code="y">BK</subfield>
  </datafield>
  <datafield tag="952" ind1=" " ind2=" ">
    <subfield code="0">0</subfield>
    <subfield code="1">0</subfield>
    <subfield code="2">lcc</subfield>
    <subfield code="4">0</subfield>
    <subfield code="7">0</subfield>
    <subfield code="a">OSO</subfield>
    <subfield code="b">MAIN</subfield>
    <subfield code="d">2024-01-30</subfield>
    <subfield code="i">5100478</subfield>
    <subfield code="l">0</subfield>
    <subfield code="o">HQ1236.5.N685 O34</subfield>
    <subfield code="p">5100478</subfield>
    <subfield code="r">2024-01-30 00:00:00</subfield>
    <subfield code="w">2024-01-30</subfield>
    <subfield code="y">BK</subfield>
  </datafield>
  <datafield tag="952" ind1=" " ind2=" ">
    <subfield code="0">0</subfield>
    <subfield code="1">0</subfield>
    <subfield code="2">lcc</subfield>
    <subfield code="4">0</subfield>
    <subfield code="7">0</subfield>
    <subfield code="a">OWE</subfield>
    <subfield code="b">MAIN</subfield>
    <subfield code="d">2024-01-30</subfield>
    <subfield code="i">5100479</subfield>
    <subfield code="l">0</subfield>
    <subfield code="o">HQ1236.5.N685 O34</subfield>
    <subfield code="p">5100479</subfield>
    <subfield code="r">2024-01-30 00:00:00</subfield>
    <subfield code="w">2024-01-30</subfield>
    <subfield code="y">BK</subfield>
  </datafield>
  <datafield tag="952" ind1=" " ind2=" ">
    <subfield code="0">0</subfield>
    <subfield code="1">0</subfield>
    <subfield code="2">lcc</subfield>
    <subfield code="4">0</subfield>
    <subfield code="7">0</subfield>
    <subfield code="a">PH</subfield>
    <subfield code="b">MAIN</subfield>
    <subfield code="d">2024-01-30</subfield>
    <subfield code="i">5100451</subfield>
    <subfield code="l">0</subfield>
    <subfield code="o">HQ1236.5.N685 O34</subfield>
    <subfield code="p">5100451</subfield>
    <subfield code="r">2024-01-30 00:00:00</subfield>
    <subfield code="w">2024-01-30</subfield>
    <subfield code="y">BK</subfield>
  </datafield>
  <datafield tag="952" ind1=" " ind2=" ">
    <subfield code="0">0</subfield>
    <subfield code="1">0</subfield>
    <subfield code="2">lcc</subfield>
    <subfield code="4">0</subfield>
    <subfield code="7">0</subfield>
    <subfield code="a">SOK</subfield>
    <subfield code="b">MAIN</subfield>
    <subfield code="d">2024-01-30</subfield>
    <subfield code="i">5100480</subfield>
    <subfield code="l">0</subfield>
    <subfield code="o">HQ1236.5.N685 O34</subfield>
    <subfield code="p">5100480</subfield>
    <subfield code="r">2024-01-30 00:00:00</subfield>
    <subfield code="w">2024-01-30</subfield>
    <subfield code="y">BK</subfield>
  </datafield>
  <datafield tag="952" ind1=" " ind2=" ">
    <subfield code="0">0</subfield>
    <subfield code="1">0</subfield>
    <subfield code="2">lcc</subfield>
    <subfield code="4">0</subfield>
    <subfield code="7">0</subfield>
    <subfield code="a">YEN</subfield>
    <subfield code="b">MAIN</subfield>
    <subfield code="d">2024-01-30</subfield>
    <subfield code="i">5100452</subfield>
    <subfield code="l">0</subfield>
    <subfield code="o">HQ1236.5.N685 O34</subfield>
    <subfield code="p">5100452</subfield>
    <subfield code="r">2024-01-30 00:00:00</subfield>
    <subfield code="w">2024-01-30</subfield>
    <subfield code="y">BK</subfield>
  </datafield>
  <datafield tag="952" ind1=" " ind2=" ">
    <subfield code="0">0</subfield>
    <subfield code="1">0</subfield>
    <subfield code="2">lcc</subfield>
    <subfield code="4">0</subfield>
    <subfield code="7">0</subfield>
    <subfield code="a">MAI</subfield>
    <subfield code="b">MAIN</subfield>
    <subfield code="d">2024-02-16</subfield>
    <subfield code="i">5100475</subfield>
    <subfield code="l">0</subfield>
    <subfield code="o">HQ1236.5.N685 O34</subfield>
    <subfield code="p">5100475</subfield>
    <subfield code="r">2024-02-16 00:00:00</subfield>
    <subfield code="w">2024-02-16</subfield>
    <subfield code="y">BK</subfield>
  </datafield>
</record>
